01292 a2200193 4500020001500000020001800015082000800033100001900041245006100060250001800121260003600139300002100175490001700196500001500213520068400228830001700912856008200929856008701011 a0132729156 a978013272915404a0031 aTaha, Hamdy A.10aOperations research :ban introduction /cHamdy A. Taha. a6 Har/Dis ed. a[S.l.] :bPrentice Hall,c1996. a916 p. ;c25 cm.1 a6th edition. aHardcover. aAppropriate for a variety of junior and senior undergraduate and first year graduate courses in operations research. Among these courses are Industrial Engineering, Business Administration, Statistics, Computer Science, and Mathematics. Major revision is designed to meet the needs of beginning through advanced students with an emphasis placed on the formulation and applications aspects. Provides balanced coverage of theory, applications and computations of operations research techniques. Numerical examples are main vehicle for explaining new ideas with each numeric example followed by a set of problems. TORA and SIMNET software included in text. More than 1,000 problems. 0a6th edition.403Amazon.comuhttp://www.amazon.com/exec/obidos/ASIN/0132729156/chopaconline-20403Amazon customer reviewsuhttp://www.chopac.org/cgi-bin/tools/azrev.pl?q=0132729156